El mercado bursátil Agropecuario (Registro nro. 44112)

Detalles MARC
000 -ENCABEZADO
Número de control [NR] 00629nam a2200193Ia 4500
008 - DE LONGITUD FIJA DE DATOS DE ELEMENTOS - INFORMACIÓN GENERAL
Elementos de longitud fija [NR] 130821s xx gs spa
040 ## - FUENTE DE CATALOGACION [NR]
Agencia de catalogación original [NR] Co-BoUCM
Idioma de catalogación [NR] spa
041 00 - CODIGO DE IDIOMA [R]
Código de idioma para texto/pista de sonido o título separado [R] Español
092 ## - SIGNATURA TOPOGRAFICA LOCAL
Número de clasificación local CV 0484
092 ## - SIGNATURA TOPOGRAFICA LOCAL
Número de clasificación local DVD 0945
110 2# - ASIENTO PRINCIPAL--NOMBRE CORPORATIVO [NR]
Nombre corporativo o de jurisdicción como elemento de entrada [NR] Bolsa Nacional Agropecuaria de Colombia
245 13 - MENCION DE TITULO [NR]
Título [NR] El mercado bursátil Agropecuario
Mención de responsabilidad, etc. [NR] Bolsa Nacional Agropecuaria
260 ## - PUBLICACION, DISTRIBUCION, ETC. (PIE DE IMPRENTA) [R]
Lugar de publicación, distribución, etc. [R] [Lugar desconocido]
Nombre del editor, distribuidor, etc. [R] [Editorial desconocida]
Fecha de publicación, distribución, etc. [R] [fecha desconocida]
300 ## - DESCRIPCION FISICA [R]
Extensión [R] 1 video vhs; 8 minutos
Material acompañante [NR] 1 DVD
650 04 - ASIENTO SECUNDARIO DE MATERIA - TERMINO TEMATICO [R]
Término temático o nombre geográfico como elemento de entrada [NR] Agricultura
9 (RLIN) 8719
650 04 - ASIENTO SECUNDARIO DE MATERIA - TERMINO TEMATICO [R]
Término temático o nombre geográfico como elemento de entrada [NR] Agricultura
Subdivisión geográfica [R] Colombia
9 (RLIN) 8719
650 04 - ASIENTO SECUNDARIO DE MATERIA - TERMINO TEMATICO [R]
Término temático o nombre geográfico como elemento de entrada [NR] Economía
Subdivisión geográfica [R] Colombia
9 (RLIN) 174
942 ## - ELEMENTOS DE ENTRADA AGREGADOS (KOHA)
Tipo de ítem principal el descrito en 300a Multimedia
Sistema de clasificación LOCAL
Tema principal Economía
Edición 1
Existencias
Fecha de último préstamo Total préstamos Código de barras Última vez visto Volúmen / Fascículo Ejemplar Price effective from Tipo de ítem Perdido Sistema de clasificación Dañado No prestable Tipo de ítem específico Suprimido Ubicación habitual Ubicación actual Localización Fecha de creación Forma de adquisición Costo
14/04/2015 1 100124307 29/08/2023 DVD 0945 Ej.2 03/02/2013 Multimedia   DEWEY     DVD   Bodega Bodega Préstamo 4 días después de solicitado 28/02/2012 Donación 0.00
18/05/2012   100124306 09/12/2025 DVD 0945 Ej.1 03/02/2013 Multimedia   LOCAL   Préstamo restringido DVD   Procesos Técnicos Procesos Técnicos (no para préstamo) Procesos Técnicos 28/02/2012 Donación 0.00